000 00883nam a2200241 u 4500
001 000004808
005 20200929151516.0
008 090727s2007 es abcd r 001 0 spa d
020 _a9972625362
040 _aDO-SdBNP
_bspa
_cBNPHU
082 _aR 036
_bC758d
245 0 0 _aConsultor :
_bdiccionario enciclopédico /
_cdirección de la obra Tomás Ubach ; ilustración M. A. Castaño ... [et al.].
260 _aBarcelona :
_bThema Equipo Editorial :
_bLexus Editores,
_c2007.
300 _a1016 p. :
_bil., mapa., retr. ;
_c24 cm.
650 4 _aDiccionarios enciclopédicos
_913957
650 4 _aEnciclopedias y diccionarios españoles
_96351
700 1 _aUbach, Tomás
_913958
700 1 _aCastaño, M. A.
_913959
700 1 _aJavier, Natália
_913960
700 1 _aMartínez, Marián
_913961
700 1 _aSalas, Teresa
_913962
910 _aValidado. Control de calidad MMOLINA
999 _c4614
_d4614